| 000 | 00411nam a22001337a 4500 | ||
|---|---|---|---|
| 020 | _qHB. | ||
| 040 | _cFIZZA ISHAQ | ||
| 082 |
_a324.630 _bKRO |
||
| 100 |
_a Kronenwetter , Michael. _9132513 |
||
| 245 |
_aHow Democratic Is the United States? (Democracy in Action) / _c Michael Kronenwetter. |
||
| 260 |
_aNew York: _bFranklin Watts, _c1994. |
||
| 300 |
_a112 P. ; _c6.25 x 0.75 x 9.25 inches |
||
| 942 |
_2ddc _cBK |
||
| 999 |
_c616890 _d616890 |
||